000 00779nam a2200253Ia 4500
003 OSt
005 20220918171151.0
006 a|||||r|||| 00| 0
007 ta
008 220917b |||||||| |||| 00| 0 eng d
020 _a9781405146944 (pbk)
_c1459.46
024 _a238,823
037 _b5182, 11/12/2008, Efficient Book Distributors
_cTextual
040 _aARTS
_cARTS
_beng
041 _2eng
_aeng
082 _aW6, P7
100 _aMotha Stewart Ed.
_934597
245 0 _aDemocracy's empire
_b Sovereignty. law and violence
260 _aOxford
_bBlackwell UK
_c2007
300 _a162p.
_ccm.
650 _aPOLITICAL SCIENCE
942 _hW6, P7
_cTEXL
_2CC
999 _c138188
_d138188